Music Quiz

Random Music or Classical Quiz

Instruments by Orchestra Section Quiz Stats

 Plays Quiz Updated Apr 7, 2019

Score 0/16 Timer 03:00
0 Plays Today
Question Answer Wrong Answers
Violin Strings
97.9%
Brass
0.3%
Woodwinds
0.4%
Percussion
0.1%
Trumpet Brass
97.8%
Woodwinds
0.6%
Strings
0.1%
Percussion
0.2%
Bass Drum Percussion
97.6%
Brass
0.5%
Woodwinds
0.1%
Strings
0.5%
Trombone Brass
97.3%
Woodwinds
0.8%
Strings
0.1%
Percussion
0.5%
Tuba Brass
96.8%
Woodwinds
1.5%
Strings
0.1%
Percussion
0.3%
Cymbals Percussion
96.8%
Brass
1.1%
Woodwinds
0.5%
Strings
0.3%
Cello Strings
96.7%
Brass
0.5%
Woodwinds
1.3%
Percussion
0.2%
Clarinet Woodwinds
96.2%
Brass
2.1%
Strings
0.3%
Percussion
0.2%
Xylophone Percussion
95.7%
Brass
0.9%
Woodwinds
1.3%
Strings
0.9%
Oboe Woodwinds
95.4%
Brass
2.2%
Strings
0.9%
Percussion
0.4%
French Horn Brass
94.9%
Woodwinds
3.5%
Strings
0.1%
Percussion
0.2%
Flute Woodwinds
92.6%
Brass
5.8%
Strings
0.1%
Percussion
0.2%
Timpani Percussion
91.9%
Brass
1.9%
Woodwinds
4%
Strings
0.9%
Bassoon Woodwinds
90.1%
Brass
6.4%
Strings
1.2%
Percussion
1%
Harp Strings
89.7%
Brass
0.5%
Woodwinds
0.7%
Percussion
7.9%
Double bass Strings
83.7%
Brass
4.2%
Woodwinds
6%
Percussion
5%

You're not logged in!

Compare scores with friends on all Sporcle quizzes.
OR
Log In

Sporcle TV

Today on Sporcle TV


Watch our educational content, quiz creation guides, and fun videos on Sporcle TV.

Show Comments

Extras

Top Quizzes Today


Score Distribution

Your Account Isn't Verified!

In order to create a playlist on Sporcle, you need to verify the email address you used during registration. Go to your Sporcle Settings to finish the process.

Report this User

Report this user for behavior that violates our Community Guidelines.

Details: